000 00750nam a22002297a 4500
005 20170124105955.0
010 _aB-058859
020 _c00.00
_a8174451331
035 _aB-058859
037 _bCen Lib/Ret
040 _aDPL
_bEN
082 _a305.4
_bGUP
100 _aGupta, N.L.
_914542
245 _aIndian women :
_cby N.L. Gupta
_btradition and social panorama /
260 _aNew Delhi
_bMohit Publications
_c2001
270 _bNew Delhi
_a4675/21, Ansari Road, Daryaganj
_e110002
300 _avi,168p. :
_c22cm(Hb)
500 _aIncludes bibliographical references and index
650 _aWomen -- India -- Social conditions.
_96885
650 _aWomen and religion -- India.
_914543
942 _2ddc
_cEN
_h305.4
_mGUP
999 _c125493
_d125493